00631nam a22001937a 450000500170000001000150001702000260003203500140005803700130007208200150008510000330010024501090013326000310024227000600027330000220033370000260035594200370038199900190041820230915151629.0 aENG-138029 a9789388881418c795.00 aEN-121561 bDBAD/PUB a381.420954 aThakur Krishna Kumar956731 a Consume' Decision Making on Online Purchase of Air Tickets /c Krishan Kumar Thakur and Biju Mani Das  aAssambEBH Publisherc2020 a136, M.L. Nehru Road, Panbazar, GuwahatibAssame781001 a120p.c24cm (HBK) aDas Biju Manic956733 2ddccENh381.1420954mTha e2020 c198214d198214